Statistiques concernant Culture Générale - Série 447

Cliquez ici pour prendre le quiz!

Statistiques générales

  • Ce quiz a été pris 145 fois
  • Le résultat moyen est 5 sur 10

Statistiques - réponses

QuestionRéponse% Correct
Au cinéma, quel Robert incarne l'homme qui murmure à l'oreille des chevaux ?Robert Redford
85%
Quelle posture adopte une cavalière dont les deux jambes sont du même côté du cheval ?En amazone
78%
Si l'on vous propose du vieux‐lille, de quel aliment s'agit‐il ?fromage
72%
Quelle jeune femme libérée donne son prénom au titre d'un film qui provoque un scandale à sa sortie en 1974 ?Emmanuelle
65%
Quel est le premier volet de la "trilogie marseillaise" de Marcel Pagnol ?Marius
59%
Dans "Comment épouser un millionnaire" de 1953, quelle actrice cache ses lunettes car elle craint de faire fuir les hommes ?Marilyn Monroe
54%
Quel Lillois, prénommé Alain, a présenté l'émission de radio "La Tribune de l'Histoire" de 1951 à 1997 ?Alain Decaux
40%
Qui accompagne Vincent, Paul et les autres dans le titre d'un film de Claude Sautet en 1974 ?François
34%
A quel peintre doit‐on "Les Ménines" et "Les Fileuses" ?Vélasquez
30%
Qui met en scène Gérard Depardieu dans "Loulou" en 1980 ?Maurice Pialat
12%

Distribution des résultats

Percentile par nombre de réponses

% des personnes avec chaque résultat

Votre développement - résultats

Vous n’avez pas pris ce quiz